| 000 | 00821nam0a22002531 4500 | ||
|---|---|---|---|
| 001 | rc\744488 | ||
| 005 | 20250622115201.0 | ||
| 035 | _a(NLR Aleph) 006273514 | ||
| 090 |
_a6974864 _c6974864 |
||
| 100 | _a20040301d1985 |||y0rusy50 ca | ||
| 101 | 0 | _arus | |
| 102 | _aRU | ||
| 105 | _aa ||||||||| | ||
| 200 | 1 |
_aРади здоровья детей _eПособие для воспитателя дет. сада |
|
| 210 |
_aМ. _cПросвещение _d1985 |
||
| 215 |
_a128 с. _cил. _d22 |
||
| 320 | _aБиблиогр.: с. 127 | ||
| 700 | 1 |
_aТонкова-Ямпольская _bР.В. _gРаиса Владимировна |
|
| 701 | 1 |
_aЧерток _bТ.Я. _gТатьяна Яковлевна |
|
| 801 | 0 |
_aRU _bNLR _gpsbo |
|
| 801 | 1 |
_aRU _bELAR _2rusmarc |
|
| 852 |
_aNLR _j86-5/2768 |
||
| 942 | _cBOOK | ||
| 980 | _aNB | ||